Personnalité de la Martinique // MORT SUBITE - Statistiques

Statistiques générales
  • Ce quiz a été pris 214 fois
  • Le résultat moyen est 3 sur 8
Answers on the Grid
Answers color-coded by a green-red scale on the quiz's grid according to % correct below.
Kalash
Jacob Desvarieux
Booba
Eric Judor
Jocelyne Beroard
Marvin
Liliian Thuram
Patrick Chamoiseau
Michael Jackson
Aimée Cesaire
Admiral T
Meryl
Dédé Saint-Prix
Saël
Saïk
Pascal Legitimus
Eric Jalton
Princess Lover
Fanny J
 
Statistiques - réponses
Réponse % Correct
Kalash
92%
Aimée Cesaire
43%
Meryl
40%
Jocelyne Beroard
32%
Dédé Saint-Prix
28%
Princess Lover
26%
Saël
18%
Patrick Chamoiseau
11%
Aucun quiz correspondant
Distribution des résultats
% des personnes avec chaque résultat
Percentile par nombre de réponses
Votre historique - résultats
Vous n’avez pas pris ce quiz